'G'eography Quiz Stats

 Plays Quiz Updated May 27, 2014

Support Sporcle.
Go Orange.
Score 0/22 Timer 06:00
5 Plays Today
% Correct
Great Lakes
93.3%
Georgia
93.3%
Grand Canyon
92.5%
Great Britain
92.1%
Glasgow
91.1%
Greenland
90.1%
Great Rift Valley
89.3%
Gettysburg
89.1%
Ghana
88.8%
Germany
88%
Geneva
87.9%
% Correct
Georgian Bay
85.7%
Georgetown
82.9%
Gibraltar
80.7%
Guam
78.9%
Gothenburg
77.6%
Ghent
73.5%
Greece
72.8%
Gallia
72.7%
Grenada
70%
Granada
57.7%
Guadalcanal
57.5%

From the Vault

200 Most Populous World Cities

by MapleLeaf

Geography 20m
You'll have to go down to #8 in the list to find a city that isn't in Asia.
Remove Ads.
Support Sporcle.
Get the best of Sporcle when you Go Orange. This ad-free experience offers more features, more stats, and more fun while also helping to support Sporcle. Thank you for becoming a member.

Show Comments

Extras

Top Quizzes Today


Score Distribution

Your Account Isn't Verified!

In order to create a playlist on Sporcle, you need to verify the email address you used during registration. Go to your Sporcle Settings to finish the process.

Report this User

Report this user for behavior that violates our Community Guidelines.

Details: